000 00796pam a2200253 a 4500
001 2104513
005 20240202003344.0
008 960123s1996 enka b 001 0 eng
020 _a0415144418
020 _a0415144426 (pbk.)
040 _aDLC
_cDLC
_dDLC
082 0 0 _a305.4.
_220
245 0 0 _aBodySpace :
_bdestabilizing geographies of gender and sexuality /
_cedited by Nancy Duncan.
260 _aLondon ;
_aNew York :
_bRoutledge,
_c1996.
300 _aix, 278 p. :
650 0 _aFeminist theory.
650 0 _aFeminist geography.
650 0 _aMasculinity.
650 0 _aSex role.
700 1 _aDuncan, Nancy,
_eedt
856 4 2 _uhttp://www.loc.gov/catdir/enhancements/fy0649/96000589-d.html
856 4 2 _uhttp://www.loc.gov/catdir/enhancements/fy1102/96000589-b.html
942 _cL
999 _c266
_d266